Statystyki dla Największe miasta Imperium Rzymskiego

Kliknij tutaj aby rozwiązać quiz!

Ogólne statystyki

  • Ten quiz został rozwiązany 175 razy
  • Średni wynik to 15 z 40

Statystyki odpowiedzi

lp.PopulacjaMiasto% Poprawnych
122 865 234Rzym
99%
172 206 488Paryż
88%
214 804 116Stambuł
85%
83 182 981Madryt
84%
38 787 892Londyn
81%
301 372 810Mediolan
79%
120 439 541Kair
76%
261 620 809Barcelona
74%
55 346 518Ankara
70%
211 888 776Wiedeń
70%
64 546 231Aleksandria
60%
102 988 145Algier
59%
221 877 155Bukareszt
59%
311 290 502Sofia
56%
341 166 763Belgrad
52%
291 456 039Monachium
43%
241 711 000Damaszek
42%
47 216 040Bagdad
40%
162 220 000Trypolis
40%
182 060 363Bejrut
33%
132 803 418Izmir
27%
73 357 173Casablanca
26%
142 367 000Amman
22%
351 137 123Birmingham
22%
321 194 204Antalya
16%
361 125 032Erywań
16%
93 087 878Giza
16%
381 080 394Kolonia
16%
201 959 515Aleppo
15%
152 262 600Baku
12%
112 901 396Bursa
12%
371 091 512Fez
11%
231 800 000Mosul
9%
331 174 536Konya
6%
251 628 725Adana
4%
192 016 000Basra
4%
281 510 270Gaziantep
2%
271 523 085Tebriz
1%
401 000 062Kayseri
0%
391 025 569Szubra al-Chajma
0%

Rozkład punktacji

Percentyl według liczby udzielonych odpowiedzi

Procent ludzi z każdym wynikiem

Twoja historia wyników

Nie rozwiązałeś tego quizu